Statistiques concernant Gares de l'Eure et Loir

Cliquez ici pour prendre le quiz!

Statistiques générales

  • Ce quiz a été pris 98 fois
  • Le résultat moyen est 12 sur 29

Statistiques - réponses

Nombre de voyageursGares% Correct
2 572 719Chartres
98%
1 471 100Dreux
85%
97 281Châteaudun
78%
411 036Nogent le Rotrou
73%
1 186 265Maintenon
68%
1 392 274Epernon
67%
34 200Voves
55%
74 844Brou
53%
350 924La Loupe
52%
35 211Bonneval
48%
23 380Lucé
47%
96 491Jouy
45%
30 121Auneau
42%
23 309Amilly - Ouerray
40%
301 967Courville sur Eure
35%
153 755Illiers Combray
35%
171 661Saint Piat
35%
11 289Cloyes
32%
7 113Arrou
30%
14 033Saint Aubin - Saint Luperce
28%
4 586Courtalain - Saint Pélerin
27%
17 267Pontgouin
23%
106 085Toury
23%
86 348La Vilette Saint Prest
18%
76 427Bailleau le Pin
17%
11 314La Taye
17%
207 254Marchezais - Broué
17%
4 639Magny - Blandainville
15%
3 358Château Gaillard
10%

Distribution des résultats

Percentile par nombre de réponses

% des personnes avec chaque résultat

Votre développement - résultats

Vous n’avez pas pris ce quiz